Detalles MARC
| 000 -LIDER |
| fixed length control field |
01761nam a2200301 a 4500 |
| 001 - NÚMERO DE CONTROL |
| Identificador de número de control |
000013280 |
| 003 - IDENTIFICACDOR DE NÚMERO DE CONTROL |
| control field |
DO-SdBNP |
| 005 - DATE AND TIME OF LATEST TRANSACTION |
| control field |
20171004084347.0 |
| 007 - CAMPOS FIJOS DE DESCRIPCIÓN FÍSICA |
| fixed length control field |
000013280 |
| 008 - ELEMENTOS DE LONGITUD FIJA |
| fixed length control field |
091123t1998 dr 001 e spa d |
| 040 ## - FUENTE DE CATALOGACIÓN |
| Agencia que crea de manera original el registro |
BPMSU |
| Idioma de catalogación |
spa |
| Agencia que realiza la transcripción |
BPMSU |
| 082 #4 - NÚMERO DE CLASIFICACIÓN DECIMAL DE DEWEY |
| Classification number |
RD864.44 |
| Item number |
V635a 1998 |
| 100 1# - ASIENTO PRINCIPAL -- NOMBRE PERSONAL |
| Nombre personal |
Vicioso, Chiqui, |
| Fechas asociadas con el nombre |
1948- |
| 245 10 - MENCIÓN DE TITULO |
| Título |
Algo que decir : |
| Subtítulo |
ensayos sobre literatura femenina (1981-1991) / |
| Mención de responsabilidad |
Sherezada Vicioso (Chiqui) ; presentación José Alcántara Almánzar. |
| 250 ## - MENCIÓN DE EDICION |
| Mención de edición |
2a. ed. aum. |
| 260 ## - PUBLICACIÓN, DISTRIBUCIÓN, ETC. (PIE DE IMPRENTA) |
| Lugar de publicación, distribución, etc |
Santo Domingo : |
| Nombre del editor, distribuidor, etc. |
Búho, |
| Fecha de publicación, distribución, etc |
1998 |
| 300 ## - DESCRIPCIÓN FÍSICA |
| Extensión |
143 p. ; |
| Dimensiones |
21 cm. |
| 504 ## - NOTA DE BIBLIOGRAFÍA, ETC. |
| Bibliography, etc |
Incluye bibliografía y notas al pie de páginas. |
| 505 0# - NOTA DE CONTENIDO |
| Información miscelánea |
Dedicatoria -- |
| -- |
Presentación -- |
| -- |
Introducción -- |
| Título |
El éxito según San ... Hacia una reinvindicación de la poesía femenina en República Dominicana -- |
| -- |
Carmen Natalia Martínez Bonilla, de la soledad al compromiso -- |
| -- |
Julia de Burgos, la nuestra -- |
| -- |
El rival de Rio Grande de Loiza (Entrevista con el Sr. Juan Isidro Jimémes Grullón) -- |
| -- |
Entrevista con Don Juan Bosch, sobre Julia de Burgos -- |
| -- |
Salomé Ureña de Henríquez, una identificación necesaria -- |
| -- |
El magisterio: otra dimensión de la poesía para las poetas pos-modernistas -- |
| -- |
La mujer en la literatura dominicana. A cuarenta y siete años de Camila de Henríquez -- |
| -- |
Los caminos de la solidaridad entre las mujeres escritoras -- |
| -- |
Johanna Goede o la literatura como supervivencia. |
| 650 #4 - ENCABEZAMIENTO DE MATERIA--TEMÁTICO |
| Término temático o nombre geográfico como elemento de entrada |
ENSAYOS DOMINICANOS |
| 650 #4 - ENCABEZAMIENTO DE MATERIA--TEMÁTICO |
| Término temático o nombre geográfico como elemento de entrada |
LITERATURA DOMINICANA |
| 650 #4 - ENCABEZAMIENTO DE MATERIA--TEMÁTICO |
| Término temático o nombre geográfico como elemento de entrada |
MUJERES COMO AUTORAS |
| Subdivisión temática general |
ENSAYOS, CONFERENCIAS, ETC. |
| 700 1# - ASIENTO SECUNDARIO -- NOMBRE PERSONAL |
| Nombre personal |
Alcántara Almánzar, José, |
| Fechas asociadas con el nombre |
1946- |
| 910 ## - VALIDACIÓN |
| Validación |
Validado. Control de calidad EMS. |
| 942 ## - ADDED ENTRY ELEMENTS (KOHA) |
| Source of classification or shelving scheme |
Dewey Decimal Classification |
| Koha item type |
Libros |
| 945 ## - INFORMACIÓN DE PROCESAMIENTO LOCAL |
| Información de procesamiento local |
Inventariado / 2017 VM |
| 956 ## - LOCAL ELECTRONIC LOCATION AND ACCESS (OCLC) |
| Nombre de host |
VMATEO |
| Número de acceso |
10 |
| Información de compresión |
20150806 |
| Inicio de sesión |
BPMSU |
| Procesador de solicitud |
00151 |